Statistiken für Länder, die an Montenegro grenzen

Klicken Sie hier um das Quiz zu spielen!

Allgemein

  • Dieses Quiz wurde 71 mal gespielt
  • Das Durchschnittsergebnis liegt bei 4 aus 5

Antwortstatistiken

LängeLand% Korrekt
225Bosnien und Herzegowina
97%
157Serbien
93%
170Albanien
92%
25Kroatien
81%
75Kosovo
80%

Verteilung der Resultate

Perzentil nach korrekt beantworteten Fragen

Anzahl Personen mit jedem Resultat

Ihre Resultats-Entwicklung

Sie haben dieses Quiz noch nicht gespielt